000 00761nac a22002291u 4500
010 _a 97011356
020 _a0335199909
082 0 0 _a371.102
_bJOY
090 _c5939
_d5939
100 _aJoyce, Bruce R.
245 1 0 _aModels of learning :
_btools for teaching /
_cBruce Joyce, Emily Calhoun, David Hopkins.
260 _aBuckingham [England] ;
_aPhiladelphia :
_bOpen University Press,c.1997.
_cc.1997.
300 _ap. cm.
500 _aDistributer : Al-Ahram.
504 _aIncludes bibliographical references and index.
511 _aCatalogued By : Mahitab.
650 0 _aTeaching.
650 0 _aLearning.
700 1 _aCalhoun, Emily.
700 1 _aHopkins, David,
_d1949-
942 _cBB
_k371.102JOY
999 _c5939
_d5939